00214nam a2200097Ia 4500008004100000100000900041245002300050260001900073942000700092999001700099190216s9999||||xx |||||||||||||| ||und|| aNull 0aHindi-Sand Nandnar bBright Careers cBK c18313d18313